Músicas do Justin Bieber - Statistics

Estatísticas Gerais
  • Esse quiz foi jogado 193 vezes
  • A pontuação média é 4 de 17
Estatísticas das Respostas
My World Resposta % Correto
1 baby
98%
1 one time
56%
7 love me
29%
2 somebody to love
26%
4 u smile
26%
2 Favorite girl
25%
10 that should be me
21%
8 eenie meenie
17%
3 down to earth
15%
4 bigger
14%
6 first dance
14%
6 never let you go
14%
9 up
14%
5 runaway love
13%
7 overboard
12%
3 stuck in the moment
12%
5 one less only girl
2%
Nenhum quiz correspondente encontrado
Distribuição das Pontuações
Porcentagem de Pessoas com Cada Pontuação
Percentil de Números Respondidos
Sua Pontuação Histórica
Você não jogou esse quiz